| 000 | 01555nam a22004457a 4500 | ||
|---|---|---|---|
| 001 | 000095375 | ||
| 003 | CHAP | ||
| 005 | 20230530101206.0 | ||
| 008 | 060310d2005 mx r 00110 spa d | ||
| 010 | _a91841 | ||
| 011 | _a92813 | ||
| 035 | _a103379 | ||
| 040 | _cCHAP | ||
| 090 | _aTesis | ||
| 100 | 0 | 0 |
_aAyala Sosa, J. Carmen. _98980 |
| 245 | 1 | 0 |
_aIndicadores de sustentabilidad en ecosistemas de clima templado-frío / _c/por J. Carmen Ayala Sosa. |
| 260 |
_aChapingo, Méx. :, _c2005. |
||
| 300 | _a81 h. | ||
| 502 | _aTesis (Doctor en Ciencias en Economía Agrícola) - - UACH. División de Ciencias Económico Administrativas | ||
| 590 |
_aALEPH _b10 _c20130110 _lUCH01 _h1510 |
||
| 590 |
_aBATCH-UPD _b10 _c20130110 _lUCH01 _h0018 |
||
| 590 |
_aBATCH-UPD _b10 _c20130110 _lUCH01 _h1920 |
||
| 590 |
_aBATCH-UPD _b10 _c20140324 _lUCH01 _h1454 |
||
| 590 |
_aBATCH-UPD _b10 _c20141002 _lUCH01 _h0829 |
||
| 590 |
_aBATCH _b00 _c20181121 _lUCH01 _h0758 |
||
| 590 |
_aCONVERSION _b10 _c20130109 _lUCH01 _h1351 |
||
| 590 |
_aE12093SGE _b10 _c20130603 _lUCH01 _h1219 |
||
| 650 | 1 | 4 |
_aClima templado. _923862 |
| 650 | 1 | 4 | _aDesarrollo sustentable. |
| 650 | 1 | 7 |
_aOyamel _xCrecimiento _2 _984470 |
| 650 | 1 | 4 |
_aSilvicultura sustentable. _9106136 |
| 856 |
_3Finding aid _uhttp://10.13.5.2/tesis/103379.pdf _zTeclea aquí |
||
| 856 |
_a1 _n0000672 |
||
| 901 | _aBK | ||
| 905 | _aLilia | ||
| 942 | _cCD | ||
| 942 | _n0 | ||
| 949 |
_aTesis _bBC _cTES _d33724000958443 _eTS1 _h44810 _i103379 _sb |
||
| 949 |
_aTesis _bBC _cTES _d33724000981361 _eTS2 _fc.2 _h44811 _i103379 _si |
||
| 999 |
_c91841 _d91841 |
||